| 000 | 00557nam a2200205 a 4500 | ||
|---|---|---|---|
| 005 | 20230602063732.0 | ||
| 008 | 060322s19882005mx r 000 0 spa d | ||
| 020 | _a9684111711 | ||
| 035 | _aUPN01000143390 | ||
| 049 | _aCG | ||
| 050 | 4 |
_aPQ7297 P4.2 _bF5.6 |
|
| 100 | 1 |
_aPoniatowska, Elena, _d1933- |
|
| 245 | 1 | 4 |
_aLa "Flor de Lis" / _cElena Poniatowska. |
| 260 |
_aMéxico : _bEra, _c1988 (2005 impr.). |
||
| 300 | _a261 p. | ||
| 440 | 0 | _aBiblioteca Era | |
| 650 | 4 |
_aNovela mexicana _94557 |
|
| 650 | 2 |
_aRelaciones sociales _911007 |
|
| 905 | _aLibro | ||
| 999 |
_c115537 _d115537 |
||